Štúdium toxicity strieborných nanočastíc využitím in vitro modelov

Salvato in:
Dettagli Bibliografici
Autore principale: Bilaninová, Nikola (Autore)
Altri autori: Scsuková, Soňa (Relatore della tesi)
Natura: Manoscritto Libro
Lingua:slovacco
Pubblicazione: 2020
Soggetti:
Accesso online:http://is.stuba.sk/zp/portal_zp.pl?podrobnosti=153252
Tags: Aggiungi Tag
Nessun Tag, puoi essere il primo ad aggiungerne!!

MARC

LEADER 00000ntm a22000003a 4500
001 stuzp78903
003 SK-STU
005 20200627210454.7
007 ta
008 150427s2015----xo-----f-mn---000-0-slo-d
040 |a STU  |b slo 
041 0 |a slo 
100 1 |a Bilaninová, Nikola  |u 043000  |4 aut  |U FCHPT Fakulta chemickej a potravinárskej technológie  |T FCHPT Ústav biochémie a mikrobiológie  |X 99601  |U C3000  |Y 101  |7 99601 
242 0 1 |a Study of toxicity of silver nanoparticles using in vitro models  |y eng 
245 1 0 |a Štúdium toxicity strieborných nanočastíc využitím in vitro modelov 
260 |c 2020 
650 4 |a nanočastice  |2 slo 
650 4 |a striebro  |2 slo 
650 4 |a toxicita  |2 slo 
650 4 |a granulózne bunky  |2 slo 
650 4 |a silver  |2 eng 
650 4 |a toxicity  |2 eng 
650 4 |a granulosa cells  |2 eng 
650 4 |a nanoparticles  |2 eng 
700 1 |a Scsuková, Soňa  |4 ths  |X 100458  |7 100458 
856 4 |u http://is.stuba.sk/zp/portal_zp.pl?podrobnosti=153252